书目信息 |
| 题名: |
说东周 话权谋
|
|
| 作者: | 刘先廷 , 姚有志 编 | |
| 分册: | ||
| 出版信息: | 北京 中国人民解放军出版社 1987.11 |
|
| 页数: | 317页 | |
| 开本: | 32开 | |
| 丛书名: | ||
| 单 册: | ||
| 中图分类: | C934 | |
| 科图分类: | ||
| 主题词: | 决策学 | |
| 电子资源: | ||
| ISBN: | 7-5065-0186-4 | |
| 000 | 00588nam0 2200205 45 | |
| 001 | 0010250947 | |
| 005 | 20001025093627.7 | |
| 010 | @a7-5065-0186-4@d7.50元 | |
| 100 | @a20001025d1987 km y0chiy0120 ea | |
| 101 | 0 | @achi |
| 105 | @a z 000yy | |
| 200 | 1 | @a说东周 话权谋@AShuo Dong Zhou Hua Quan Mou@f刘先廷,姚有志编@FLiu Xian Ting,Yao You Zhi Bian |
| 210 | @a北京@c中国人民解放军出版社@d1987.11 | |
| 215 | @a317页@d32开 | |
| 606 | 0 | @a决策学 |
| 690 | @aC934@v3 | |
| 701 | 0 | @a刘先廷@4编 |
| 701 | 0 | @a姚有志@4编 |
| 801 | @aCN@bPftUser@c20001025 | |
| 905 | @b187842-846@dC934@eL850@f5 | |
| 说东周 话权谋/刘先廷,姚有志编.-北京:中国人民解放军出版社,1987.11 |
| 317页;32开 |
| ISBN 7-5065-0186-4:7.50元 |
| ● |
| 相关链接 |
|
|
|
正题名:说东周话权谋
索取号:C934/L850
 
预约/预借
| 序号 | 登录号 | 条形码 | 馆藏地/架位号 | 状态 | 备注 |
| 1 | 187842 | 201878423 | 社科库509/509社科库 65排9列4层/ [索取号:C934/L850] | 在馆 | |
| 2 | 187843 | 201878432 | 社科库509/509社科库 65排9列4层/ [索取号:C934/L850] | 在馆 | |
| 3 | 187844 | 201878441 | 社科库509/509社科库 65排9列4层/ [索取号:C934/L850] | 在馆 | |
| 4 | 187845 | 201878450 | 社科库509/509社科库 65排9列4层/ [索取号:C934/L850] | 在馆 | |
| 5 | 187846 | 201878469 | 社科库509/509社科库 65排9列4层/ [索取号:C934/L850] | 在馆 |